Odpisy automobilu využívaného len sčasti na podnikanie

Odpisy ako daňový výdavok. Osobný automobil ako hmotný majetok. Príklady na výpočet daňovo uznateľného odpisu pri automobile používanom aj na súkromné účely.

Gespeichert in:
Bibliographische Detailangaben
1. Verfasser: Strählová, Jarmila
Format: Buchkapitel
Sprache:Slowakisch
Schlagworte:
Tags: Tag hinzufügen
Keine Tags, Fügen Sie das erste Tag hinzu!

MARC

LEADER 00000naa a2200000 4500
001 r043333
005 20230801100227.4
041 0 |a slo 
044 |a SK 
245 1 0 |a Odpisy automobilu využívaného len sčasti na podnikanie  |c Jarmila Strählová 
520 |a Odpisy ako daňový výdavok. Osobný automobil ako hmotný majetok. Príklady na výpočet daňovo uznateľného odpisu pri automobile používanom aj na súkromné účely. 
610 2 0 |a odpisy 
610 2 0 |a odpisy daňové 
610 2 0 |a automobily 
610 2 0 |a majetok hmotný 
610 2 0 |a ceny obstarávacie 
610 2 0 |a ceny zostatkové 
100 1 |a Strählová, Jarmila